Premiéra Telovýchovných slávnosti (prvé masové vystúpenia v banskej Štiavnici a v Žiari nad Hronom)

Bibliographic Details
Format: Article
Language:Slovak
Subjects:

MARC

LEADER 00000nab a2200000 ar4500
001 vtls009347408
003 SK-MaSNL
005 20260303055233.0
008 081014c19730519xo wr|||||||||000 b|slo
015 |a SNBRB1973  |2 snkbucl 
038 |a SNKBUCL 
040 |a SNKBUCL  |b slo  |c SNKBUCL  |e AACR2 
041 0 |a slo 
044 |a xo  |c SK 
080 |a 796.034.2  |2 2001 
245 0 0 |a Premiéra Telovýchovných slávnosti  |b (prvé masové vystúpenia v banskej Štiavnici a v Žiari nad Hronom)  |c [autor] (a) 
650 0 7 |a telovýchova  |2 snkbucl  |9 1044 
773 0 |t Pravda  |g (19.5.1973), s. 1 a 8 
852 |a SNK  |b KIS3GCP 
999 |c 1726508  |d 1728438